| 000 | 00717nam a22001817a 4500 | ||
|---|---|---|---|
| 999 |
_c57292 _d57292 |
||
| 003 | Ge_BSU | ||
| 005 | 20200212133517.0 | ||
| 008 | 200212b1957 ge ||||| |||| 00| 0 geo d | ||
| 041 | _ageo | ||
| 080 | _a821.353.1-11 გ-92 | ||
| 100 |
_aგუგუნავა, სიმონ _92953 |
||
| 245 |
_aთამარიანი : _bისტორიული რომანი ლექსად თქმული / _cსიმონ გუგუნავა. |
||
| 264 |
_aთბილისი : _bსაბჭოთა მწერალი, _c1957. |
||
| 300 |
_a165 გვ. ; _c19 სმ. |
||
| 653 | _aთამარიანი | ||
| 653 | _aისტორიული პოემა | ||
| 942 |
_2udc _cBK |
||